| 000 | 00391nam a2200157Ia 4500 | ||
|---|---|---|---|
| 008 | 210716s2014 xx 000 0 und d | ||
| 020 | _a9788126551835 | ||
| 041 | _aeng | ||
| 082 | _a332.632 BESJ | ||
| 100 | _aBessis, Joel. | ||
| 245 | _aRisk management in banking. | ||
| 250 | _a3 | ||
| 260 |
_aNew Delhi _bWILEY _c2014 |
||
| 300 | _axvii,821 | ||
| 650 | _aRisk Management & Derivatives | ||
| 999 |
_c208854 _d208854 |
||